MARC

LEADER 00000nmm0a2200000 4500
001 86879
005 20231031101925.0
010 |a 0582435226 
035 |a (RuTPU)RU\TPU\book\93282 
035 |a RU\TPU\book\27253 
090 |a 86879 
100 |a 20051130d2003 m y0engy50 ba 
101 0 |a eng 
102 |a GB 
105 |a y j 000zy 
200 1 |a Market Leader. Intermediate Business English  |e Practice File  |f D. Cotton, D. Falvey, S. Kent 
210 |c Longman  |d 2003  |a Edinburgh 
215 |a 124 p.  |e Прил.: CD-ROM 
610 1 |a английский язык 
610 1 |a учебные пособия 
610 1 |a лексика 
610 1 |a финансы 
610 1 |a бизнес 
610 1 |a экономика 
610 1 |a деловое общение 
610 1 |a учебные пособия 
610 1 |a разговорная речь 
610 1 |a CD-ROM 
686 |a Ш143.21-923.4  |v LBC/SL-A  |2 rubbk 
700 1 |a Cotton  |b D.  |g David 
701 1 |a Falvey  |b D.  |g David 
701 1 |a Kent  |b S.  |g Simon 
801 0 |a RU  |b 63413507  |c 20011209  |g PSBO 
801 2 |a RU  |b 63413507  |c 20221206  |g PSBO 
942 |c MX